| 000 | 01034nac a22002651u 4500 | ||
|---|---|---|---|
| 010 | _a 2003273198 | ||
| 020 | _a0072226781 | ||
| 035 | _a(OCoLC)ocm52042983 | ||
| 082 | 0 | 0 |
_a004.6 _bMCM |
| 090 |
_c9335 _d9335 |
||
| 100 | _aMcMahon, Richard Alan. | ||
| 245 | 1 | 0 |
_aIntroduction to networking / _cRichard Alan McMahon, Sr. |
| 260 |
_aNew York : _bMcGraw-Hill/Osborne,c2003. _cc2003. |
||
| 300 |
_axv, 383 p. : _bill. ; _c28 cm. |
||
| 440 | 0 | _aMike Meyers' computer skills | |
| 500 | _aIncludes index. | ||
| 500 | _aDistributer: Al-Ahram. | ||
| 511 | _aCatalogued By: Mahitab. | ||
| 650 | 0 | _aComputer networks. | |
| 650 | 0 | _aLocal area networks (Computer networks) | |
| 856 | 4 | 2 |
_3Contributor biographical information _uhttp://www.loc.gov/catdir/bios/mh042/2003273198.html |
| 856 | 4 | 2 |
_3Table of contents _uhttp://www.loc.gov/catdir/toc/mh041/2003273198.html |
| 856 | 4 | 2 |
_3Publisher description _uhttp://www.loc.gov/catdir/description/mh041/2003273198.html |
| 942 |
_cBB _k004.6MCM |
||
| 999 |
_c9335 _d9335 |
||